000 00833nam a2200265 a 4500
003 DO-SdBNP
005 20230413104324.0
007 ta
008 220815e2022 dr ||||gr|||| 001 0dspa d
020 _a9789945809138
040 _aDO-SdBNP
_bspa
_cBNPHU
082 4 _222
_bC523d
245 1 0 _aDiscipulado bíblico transformador. /
_cJosé A. Chery Martínez
260 _aSanto Domingo :
_bBúho,
_c2022.
300 _a123 p. ;
_c23 cm.
500 _aIncluye datos biográficos del autor en la solapas
504 _aBibliografía : p. 123
590 _aInventariado 2022 / MF
650 4 _92104
_aBiblia
_xEnseñanza
_zRepública Dominicana
650 4 _948219
_aJesucristo
_xEnseñanza
650 4 _915802
_aTeología práctica
650 4 _98328
_aVida cristiana
_xEnseñanza bíblica
910 _aMFeliz
942 _2ddc
_cLBS1
999 _c52282
_d52282